| 000 | 00464cam a2200181ua 4500 | ||
|---|---|---|---|
| 001 | 22792 | ||
| 008 | 180321n2012 II |||gr||||Z||||||eng | ||
| 040 | _aMAIN | ||
| 041 | _aEnglish | ||
| 100 |
_aDAS, K. S., _eAUTHOR. |
||
| 245 | 1 | _aOUTLINES OF BIOLOGY | |
| 250 | _aREP ED. | ||
| 260 |
_aNEW DELHI _bNCBA (NEW CENTRAL BOOK AGENCY) _c2012 |
||
| 300 |
_a1-P.: _c21+ _ePB. |
||
| 500 | _aRUSA MDC GRANT 2014-2017 | ||
| 700 |
_aMUKHERJI, J.B., _eAUTHOR., |
||
| 942 | _cBK | ||
| 999 |
_c22652 _d22652 |
||